| 000 | 00334nam a2200133 4500 | ||
|---|---|---|---|
| 005 | 20260530113855.0 | ||
| 100 | 1 |
_aJohn Lewis _931703 |
|
| 245 | 1 | 0 | _aPrincipios básicos de tipografía |
| 264 | 1 |
_bTrillas _c1984 |
|
| 300 | _a95 páginas | ||
| 336 |
_atexto _2rdacontent |
||
| 337 |
_asin medio _2rdamedia |
||
| 338 |
_avolumen _2rdacarrier |
||
| 999 |
_c11611 _d11611 |
||